| 000 | 00740nam a22002057a 4500 | ||
|---|---|---|---|
| 005 | 20100804163921.0 | ||
| 010 | _aENG-98178 | ||
| 020 |
_a9788191002003 _c150.00 |
||
| 035 | _aEN-81711 | ||
| 037 | _bDBAD/PUB | ||
| 082 | _a499.175 | ||
| 100 |
_aPande, Hem Chandra _96365 |
||
| 245 |
_aRussian exercises for Indian students / _cby Hem Chandra Pande |
||
| 260 |
_aDelhi _bJaykay Enterprises _c2010 |
||
| 270 |
_aWB-27, Street No-1, Shakarpur _bDelhi _e110092 |
||
| 300 |
_avi,246p. _c22cm (pbk) |
||
| 650 |
_aRussian language- grammer _96366 |
||
| 942 |
_2ddc _cEN _h499.175 _mPAN |
||
| 999 |
_c39315 _d39315 |
||